| 000 | 00820nam a22002657a 4500 | ||
|---|---|---|---|
| 003 | CHAP | ||
| 005 | 20220329142840.0 | ||
| 008 | 040818d1995 mx r 00110 spa d | ||
| 010 | _a88679 | ||
| 011 | _a89651 | ||
| 035 | _a100202 | ||
| 040 | _cCHAP | ||
| 090 | _aFolleto 16758 | ||
| 100 | 0 | 0 |
_aMundo Ocampo, Jaime. _979477 |
| 245 | 1 | 3 |
_aEl derecho de autor y el crédito a sus publicaciones _c/por Jaime Mundo Ocampo |
| 260 |
_aCuernavaca, Mor. : _bUniversidad Autónoma del Estado de Morelos, _c1995. |
||
| 300 | _a41 p. | ||
| 590 |
_aBATCH-UPD _b10 _c20130110 _lUCH01 _h0820 |
||
| 590 |
_aCONVERSION _b10 _c20130109 _lUCH01 _h1349 |
||
| 650 | 1 | 4 |
_aDerechos de autor. _931914 |
| 901 | _aBK | ||
| 905 | _aAlejandra Carrasco M. | ||
| 942 | _cFOLL | ||
| 949 |
_aFolleto 16758 _bBC _cFOLL _d33724002002678 _eTS1 _i100202 _sb |
||
| 999 |
_c88679 _d88679 |
||